Statystyki dla Czyją kolonią był dany kraj

Kliknij tutaj aby rozwiązać quiz!

Ogólne statystyki

  • Ten quiz został rozwiązany 541 razy
  • Średni wynik to 6 z 7

Statystyki odpowiedzi

HintOdpowiedź% Poprawnych
Indiewielka brytania
98%
Wietnamfrancja
97%
Brazyliaportugalia
97%
Grenlandiadania
93%
Somaliawłochy
90%
Surinamholandia
84%
Kongobelgia
83%

Rozkład punktacji

Percentyl według liczby udzielonych odpowiedzi

Procent ludzi z każdym wynikiem

Twoja historia wyników

Nie rozwiązałeś tego quizu